000 00878nas a2200301 4500
001 BR0703566
003 BR-BrBNA
005 20231205110915.0
007 ta
008 230509b bl.|||p| |||| 00| 00por d
040 _aBR-BrBNA
_bpor
_cBiblioteca Nacional de Agricultura
041 _a(Pt)
072 _aH10
100 1 _aVenzon, M.
100 1 _aRosado, M. da C.
100 1 _aPallini, A.
100 1 _aFialho, A.
100 1 _aPereira, C. de J.
245 1 _aToxicidade letal e subletal do nim sobre o pulgão-verde e seu predador Eriopis connexa
650 _aPIMENTA
650 _aPULGÃO
650 _aNIM
650 _aCONTROLE BIOLÓGICO
650 _aPREDADOR
773 0 _tPesquisa Agropecuária Brasileira (Brazil)
_xISSN 0100-204X
_g(May 2007), v. 42(5) p. 627-631
_wBR0703566
909 _a202311
_bLúcia
_c55
_dLúcia Elande
942 _2AGRIS
_n0
_cANA
999 _c189710
_d189710